Catálogo - Centro de Recursos para el Aprendizaje y la Investigación
Volver al Sitio - CRAI Biblioteca| 000 -CABECERA | |
|---|---|
| campo de control de longitud fija | 01533nam a22002777a 4500 |
| 001 - NÚMERO DE CONTROL | |
| campo de control | 114121 |
| 003 - IDENTIFICADOR DEL NÚMERO DE CONTROL | |
| campo de control | DR-UNIBE |
| 005 - FECHA Y HORA DE LA ÚLTIMA TRANSACCIÓN | |
| campo de control | 20260219105441.0 |
| 008 - DATOS DE LONGITUD FIJA--INFORMACIÓN GENERAL | |
| campo de control de longitud fija | 251001b2018 xxk||||| |||| 00| 0 eng d |
| 020 ## - NÚMERO INTERNACIONAL ESTÁNDAR DEL LIBRO | |
| Número Internacional Estándar del Libro | 9781292221670 |
| 040 ## - FUENTE DE LA CATALOGACIÓN | |
| Centro catalogador/agencia de origen | BIBLIOTECA UNIBE |
| Centro/agencia transcriptor | BIBLIOTECA UNIBE |
| Normas de descripción | rda |
| 041 ## - CÓDIGO DE LENGUA | |
| Código de lengua del texto/banda sonora o título independiente | eng |
| 082 ## - NÚMERO DE LA CLASIFICACIÓN DECIMAL DEWEY | |
| Número de clasificación | 338.4791 C771t 2018 |
| 100 ## - ENTRADA PRINCIPAL--NOMBRE DE PERSONA | |
| Nombre de persona | Cook, Roy A. |
| Término indicativo de función/relación | autor |
| 9 (RLIN) | 199472 |
| 245 10 - MENCIÓN DE TÍTULO | |
| Título | Tourism : |
| Resto del título | the business of hospitality and travel / |
| Mención de responsabilidad, etc. | Roy A. Cook , Cathy H. C. Hsu, Lorraine Taylor |
| 250 ## - MENCIÓN DE EDICIÓN | |
| Mención de edición | Sexta edición |
| 260 ## - PUBLICACIÓN, DISTRIBUCIÓN, ETC. | |
| Lugar de publicación, distribución, etc. | Harlow : |
| Nombre del editor, distribuidor, etc. | Pearson Education, |
| Fecha de publicación, distribución, etc. | 2018 |
| 300 ## - DESCRIPCIÓN FÍSICA | |
| Extensión | 448 páginas : |
| Otras características físicas | ilustraciones |
| 505 ## - NOTA DE CONTENIDO CON FORMATO | |
| Nota de contenido con formato | PART 1: THE TRAVELING PUBLIC AND TOURISM PROMOTERS |<br/><br/>1. Introducing the World’s Largest Industry, Tourism |<br/>2. Marketing to the Traveling Public |<br/>3. Delivering Quality Tourism Services |<br/>4. Bringing Travelers and Tourism Service Suppliers Together |<br/>5. Capturing Technology’s Competitive Advantages |<br/><br/>PART 2: TOURISM SERVICE SUPPLIERS |<br/><br/>6. Transportation |<br/>7. Accommodations |<br/>8. Food and Beverage |<br/>9. Attractions and Entertainment |<br/>10. Destinations |<br/><br/>PART 3: THE TOURISM ENVIRONMENT<br/><br/>11. Economic and Political Impacts of Tourism |<br/>12. Environmental and Social/Cultural Impacts of Tourism |<br/>13. Sustaining Tourism’s Benefits |<br/>14. The Future of Tourism |<br/> |
| 650 #7 - PUNTO DE ACCESO ADICIONAL DE MATERIA--TÉRMINO DE MATERIA | |
| Fuente del encabezamiento o término | lemb |
| Término de materia o nombre geográfico como elemento de entrada | Turismo |
| 653 00 - TÉRMINO DE INDIZACIÓN--NO CONTROLADO | |
| Término no controlado | Hostelería |
| 653 00 - TÉRMINO DE INDIZACIÓN--NO CONTROLADO | |
| Término no controlado | Alojamiento |
| 700 1# - PUNTO DE ACCESO ADICIONAL--NOMBRE DE PERSONA | |
| Nombre de persona | Hsu, Cathy H. C. |
| Término indicativo de función/relación | autor |
| 9 (RLIN) | 199475 |
| 700 ## - PUNTO DE ACCESO ADICIONAL--NOMBRE DE PERSONA | |
| Nombre de persona | Taylor, Lorraine L |
| Término indicativo de función/relación | autor |
| 9 (RLIN) | 200845 |
| 942 ## - ELEMENTOS DE PUNTO DE ACCESO ADICIONAL (KOHA) | |
| Fuente del sistema de clasificación o colocación | Sistema de Clasificación Decimal Dewey |
| Tipo de ítem Koha | Libro (general) |
| Estado de retiro | Estado de pérdida | Fuente del sistema de clasificación o colocación | No para préstamo | Código de colección | Localización permanente | Fecha de adquisición | Total de préstamos | Signatura topográfica completa | Código de barras | Fecha visto por última vez | Número de copia | Precio válido a partir de | Tipo de ítem Koha |
|---|---|---|---|---|---|---|---|---|---|---|---|---|---|
| Disponible | Sistema de Clasificación Decimal Dewey | General | Biblioteca Central UNIBE | 02/10/2025 | 338.4791 C771t 2018 | 251041 | 02/10/2025 | Ej. 1 | 02/10/2025 | Libro (general) |